Statistics for Countries and Capitals Starting with N - Two Minute Sprint

Click here to take the quiz!

General Stats

  • This quiz has been taken 117 times
    (72 since last reset)
  • The average score is 14 of 24

Answer Stats

country / capital% Correct
Namibia
81%
Nauru
81%
New Zealand
81%
Nicaragua
81%
Niger
79%
Nigeria
79%
North Korea
77%
Norway
72%
Netherlands
68%
North Macedonia
64%
Nepal
60%
Niamey
60%
Nairobi
55%
Nouakchott
55%
Nassau
53%
Nicosia
53%
N'Djamena
51%
Naypyidaw
49%
New Delhi
47%
Ngerulmud
45%
Nukuʻalofa
45%
Niue
26%
Nur-Sultan
21%
Nuuk
9%

Score Distribution

Percentile by Number Answered

Percent of People with Each Score

Your Score History

You have not taken this quiz since the last reset